Siksha (H. S. 2nd yr.) (Record no. 2024)

MARC details
000 -LEADER
fixed length control field 00462cam a2200193ua 4500
001 - CONTROL NUMBER
control field 2158
005 - DATE AND TIME OF LATEST TRANSACTION
control field 20260515113443.0
008 - FIXED-LENGTH DATA ELEMENTS--GENERAL INFORMATION
fixed length control field 110804n ii |||gr||||Z||||||asm
040 ## - CATALOGING SOURCE
Transcribing agency MAIN
082 ## - DEWEY DECIMAL CLASSIFICATION NUMBER
Classification number 370
100 ## - MAIN ENTRY--PERSONAL NAME
Personal name Sharma, Mukul Kr, ,
245 1# - TITLE STATEMENT
Title Siksha (H. S. 2nd yr.)
Statement of responsibility, etc. by Mukul Kr. Sharma
250 ## - EDITION STATEMENT
Edition statement 4th.
260 ## - PUBLICATION, DISTRIBUTION, ETC.
Place of publication, distribution, etc. Dibrugarh:
Name of publisher, distributor, etc. Students emporium,998.
300 ## - PHYSICAL DESCRIPTION
Extent 204p:
Other physical details ill;
Dimensions 23cm.
653 ## - INDEX TERM--UNCONTROLLED
Uncontrolled term Education
653 ## - INDEX TERM--UNCONTROLLED
Uncontrolled term Siksha
942 ## - ADDED ENTRY ELEMENTS (KOHA)
Koha item type Books
Holdings
Withdrawn status Lost status Damaged status Not for loan Home library Current library Shelving location Date acquired Total checkouts Full call number Barcode Date last seen Copy number Price effective from Koha item type
        Naharkatiya College Library Naharkatiya College Library General stacks 09/19/2020   370 | SHA 11535 09/19/2020 2 09/19/2020 Books
        Naharkatiya College Library Naharkatiya College Library General stacks 09/19/2020   370 | SHA 11536 09/19/2020 1 09/19/2020 Books